| 000 | 00729cam a22002531 4500 | ||
|---|---|---|---|
| 999 |
_c8415 _d8415 |
||
| 001 | 8415 | ||
| 003 | BD-JhCC | ||
| 005 | 20180224095957.0 | ||
| 008 | 731212t19671966nyuab b 000 0 eng | ||
| 035 | _a(BD-JhCC)8415 | ||
| 040 |
_aDLC _cDLC _dDLC |
||
| 041 | _aeng | ||
| 050 | 0 | 0 |
_aHB881 _b.B3723 1967 |
| 082 | 0 | 0 |
_a301.3/2 _bBEA 1966 |
| 100 | 2 | _aBeaujeu-Garnier, Jacqueline. | |
| 240 | 1 | 0 | _aGéographie de la population. |
| 245 | 1 | 0 |
_aGeography of population _c[by] J. Beaujeu-Garnier. |
| 260 |
_aNew York, _bSt. Martin's Press _c[1967, c1966] |
||
| 300 |
_ax, 386 p. _billus., maps (part col.) _c23 cm. |
||
| 504 | _aBibliography: p. [371]-380. | ||
| 650 | 0 | _aPopulation geography. | |
| 942 |
_2ddc _cBK |
||